000 00384nam a2200133Ia 4500
003 GCL
008 140319s9999 xx 000 0 ara d
040 _aGCL /
_cGCL
082 0 4 _a345.06
_bع ن
245 1 0 _aالتحقيق الجنائى الفنى والبحث الجنائى
260 _a[S.N] :
_bالمكتب الجامعى الحديث ،
_c1991
300 _a582 ص
490 _a
999 _c59170
_d59170